| 000 | 00577nam a2200193Ia 4500 | ||
|---|---|---|---|
| 005 | 20250326140746.0 | ||
| 008 | 250326s9999 xx 000 0 und d | ||
| 020 | _a817-808-001-X | ||
| 037 | _aTextbook | ||
| 040 |
_aFMSL _beng _cFMSL |
||
| 041 |
_aeng _2eng |
||
| 084 |
_aD658(2:55) N9 _qFMSL |
||
| 100 | _aValesky Tom | ||
| 245 | 0 |
_aEnterprise javabeans: Developing component-based destributed applications _cValesky Tom |
|
| 260 |
_aNoida _bNoida, Addison-Wesley _c1999 |
||
| 300 | _axxv,324 | ||
| 942 |
_cTB _hD658(2:55) N9 |
||
| 999 |
_c1287166 _d1287166 |
||